Miasta przy Drodze Krajowej nr 63 - Statystyki

Ogólne statystyki
  • Ten quiz został rozwiązany 32 razy
  • Średni wynik to 7 z 12
Statystyki odpowiedzi
Ludność Województwo Miasto % Poprawnych
78 258 Mazowieckie Siedlce
82%
62 945 Podlaskie Łomża
79%
29 642 Warmińsko-Mazurskie Giżycko
71%
22 173 Podlaskie Zambrów
71%
10 396 Podlaskie Kolno
64%
18 945 Mazowieckie Sokołów Podlaski
61%
11 438 Warmińsko-Mazurskie Węgorzewo
61%
19 386 Warmińsko-Mazurskie Pisz
57%
29 621 Lubelskie Łuków
54%
15 656 Lubelskie Radzyń Podlaski
54%
5 615 Warmińsko-Mazurskie Orzysz
43%
2 639 Podlaskie Czyżew
39%
Nie znaleziono quizów pasujących do podanych kryteriów
Rozkład punktacji
Procent ludzi z każdym wynikiem
Percentyl według liczby udzielonych odpowiedzi
Twoja historia wyników
Nie rozwiązałeś tego quizu